01002nam a2200277 i 4500001000300000003000400003005001700007008003900024015001700063020001500080040001400095080001700109080001800126080001000144245016800154250001400322260003400336300002100370650002800391700004700419700003800466710004300504710004000547700003900587856009800626bgBPK20220622145005.0100620s1997 pl f f |000 0 pol aPB 1998/1941 a8387367133 aWA NcBPK a341.12(4-67) a339.923(4-67) a(094)00aPrawo Wspólnot Europejskich :bdokumenty /cwybór i red. Władysław Czapliński, Rudolf Ostrihansky, Anna Wyrozumska ; Fundacja Promocji Prawa Europejskiego. a[Wyd. 4]. aWarszawa :b"Scholar",c1997. a216 s. ;c24 cm. 4aPrawo Unii Europejskiej1 aCzapliński, Władysławd(1954- ).eRed.1 aWyrozumska, Annad(1953- ).eRed.2 aFundacja Promocji Prawa Europejskiego.2 aWydawnictwo Naukowe "Scholar"4pbl.1 aOstrihansky, Rudolfc(prawo)eRed. uhttp://koha.tu.koszalin.pl/cgi-bin/koha/opac-detail.pl?biblionumber=49675yKatalog online BPK